00437 2200181 4500001002100000005001500021035002000036008004100056245004100097100001700138250000600155260003400161300001200195084001400207082000800221650001400229990001200243INLIS00000000000015220240502111734 a0010-0424000128240502 0 ind 1 aMengakali Tuhan /cAdri Efferi, M.Ag aEfferi, Adri a1 aJakarta :bInti Medina,c2009 a174 hlm a200 ADR m a200 4aNon Fiksi a0732503